|
|
|
|
| LEADER |
00000cam a2200000 7i4500 |
| 001 |
0000008433 |
| 005 |
20241003.0 |
| 008 |
010205 my a may |
| 020 |
|
|
|a 9679933644
|
| 040 |
|
|
|a INS
|b eng
|e rda
|
| 090 |
0 |
0 |
|a PN4121
|b .M34 2000
|
| 100 |
0 |
|
|a Maimunah Osman ,
|e author
|
| 245 |
1 |
0 |
|a Pengucapan Awam Yang Berkesan
|c Maimunah Osman
|
| 264 |
|
1 |
|a Kuala Lumpur :
|b Institut Pentadbiran Awam Negara (INTAN)
|c 2000
|
| 264 |
|
4 |
|c ©2000
|
| 300 |
|
|
|a x, 104 pages :
|b illustrations ;
|c 21 cm.
|
| 336 |
|
|
|a text
|2 rdacontent
|
| 337 |
|
|
|a unmediated
|2 rdamedia
|
| 338 |
|
|
|a volume
|2 rdacarrier
|
| 490 |
0 |
|
|a Siri pengurusan INTAN
|
| 504 |
|
|
|a Includes bibliographical references
|
| 650 |
|
0 |
|a Public speaking
|
| 650 |
|
0 |
|a Public speaking
|x Handbooks, manuals, etc.
|
| 999 |
|
|
|a 0000008000
|b BOOK
|c Open Shelf
|e Default branch
|
| 999 |
|
|
|a 0000008066
|b BOOK
|c Open Shelf
|e Default branch
|
| 999 |
|
|
|a 0000008067
|b BOOK
|c Open Shelf
|e Default branch
|
| 999 |
|
|
|a 0000016075
|b BOOK
|c Open Shelf
|e Default branch
|
| 999 |
|
|
|a 0000016076
|b BOOK
|c Open Shelf
|e Default branch
|
| 999 |
|
|
|a 0000016077
|b BOOK
|c Open Shelf
|e Default branch
|
| 999 |
|
|
|a 0000016078
|b BOOK
|c Open Shelf
|e Default branch
|
| 999 |
|
|
|a 0000016079
|b BOOK
|c Open Shelf
|e Default branch
|
| 999 |
|
|
|a 0000018622
|b BOOK
|c Open Shelf
|e Default branch
|
| 999 |
|
|
|a 0000024368
|b BOOK
|c Open Shelf
|e Default branch
|
| 999 |
|
|
|a 0000024369
|b BOOK
|c Open Shelf
|e Default branch
|